02152nas a22002177a 450000500170000000700120001700800410002902200140007004000090008408200140009324500860010726000380019330000160023131000140024736500160026150015380027765000540181565100100186965500140187985600410189320200520100545.0cz aa aaaaa200428c q||poo|||| 00| 0 eng d a2664-8709 coclc a300bJOU/ aInternational Journal of Social Research and Developmenthe-Journal (Open Access) bPrime PublicationsaDelhi, India  aPDF(online) aQuarterly eOpen Access aInternational Journal of Social Research and Development is an open access, peer-reviewed and refereed journal. Researches in the field of humanities, social science, Community and Consumer Sciences, Economics, Political Science, Geography, Philosophy, History, Humanity and Languages concerning with social science, Anthropological, Behavioral Sciences, Sociology, Journalism and Role of Media in social science, Role of NGOs in the protection of environment. Educational Sciences: For School Students, Women, Village and Society, Commerce, Law and Management related with humanities and social science, anthropology, business studies, communication studies, corporate governance, criminology, cross cultural studies, demography, development studies, economics, education, ethics, geography, history, industrial relations, information science, international relations, law, health, linguistics, library science, media studies, methodology, philosophy, political science, population Studies, psychology, public administration, sociology, social welfare, linguistics, literature, paralegal, performing arts, religious studies, visual arts, women studies, economics, international relations, development studies, population studies, political science, history, journalism and mass communication, corporate governance, cross-cultural studies, peace and conflict, library and information science, public administration, psychology, philosophy, sociology, women studies, religious studies, social welfare, anthropology, linguistics, etc. 0aSocial sciencesvSocial sciencesxSocial sciences 0aIndia 0ae-Journal uhttp://www.socialsciencejournal.net/